Quan niệm về vô thường trong thơ từ thế (jisei no shi) của thiền sư Nhật Bản thời Kamakura và thơ thị tịch của thiền sư Việt Nam thời Lý Trần /

Сохранить в:
Библиографические подробности
Главный автор: Ngô Trà Mi.
Формат: Статья
Язык:Vietnamese
Метки: Добавить метку
Нет меток, Требуется 1-ая метка записи!
Thư viện lưu trữ: Thư viện Trường Đại học Đà Lạt
LEADER 00922nam a2200229 4500
001 DLU170182086
005 ##20171127
040 # # |a DLU  |b vie 
041 # # |a vie 
044 # # |a vn 
100 # # |a Ngô Trà Mi. 
245 # # |a Quan niệm về vô thường trong thơ từ thế (jisei no shi) của thiền sư Nhật Bản thời Kamakura và thơ thị tịch của thiền sư Việt Nam thời Lý Trần /  |c Ngô Trà Mi. 
773 # # |t Văn học Việt Nam và Nhật Bản trong bối cảnh toàn cầu hoá : Kỷ yếu hội thảo quốc tế = Vietnamese and Japanese literature in the globalization context  |g 2016, tr. 101-117 
920 # # |a Phòng Sau đại học -- Trung tâm Thông tin - Thư viện Trường Đại học Đà Lạt 
994 # # |a DLU 
900 # # |a True 
911 # # |a Hoàng Thị Huyền 
925 # # |a G 
926 # # |a A 
927 # # |a BB 
980 # # |a Thư viện Trường Đại học Đà Lạt